Zambia review (Record no. 83410)

MARC details
000 -LEADER
fixed length control field 00621nam a2200181 a 4500
008 - FIXED-LENGTH DATA ELEMENTS--GENERAL INFORMATION
fixed length control field 060831s2006 ||||||||||||||||| || u
050 ## - LIBRARY OF CONGRESS CALL NUMBER
Classification number HC 915 Zam
110 ## - MAIN ENTRY--CORPORATE NAME
Corporate name or jurisdiction name as entry element Directory Publishers of Zambia
245 10 - TITLE STATEMENT
Title Zambia review
250 ## - EDITION STATEMENT
Edition statement 7th edition
260 ## - PUBLICATION, DISTRIBUTION, ETC.
Place of publication, distribution, etc. Lusaka
Name of publisher, distributor, etc. Directory Publishers of Zambia
Date of publication, distribution, etc. 2006
300 ## - PHYSICAL DESCRIPTION
Extent 99p.; ill.
350 ## -
-- 0.00
650 #0 - SUBJECT ADDED ENTRY--TOPICAL TERM
Topical term or geographic name entry element ECONOMICS
650 ## - SUBJECT ADDED ENTRY--TOPICAL TERM
Topical term or geographic name entry element BUSINESS ENTERPRISES--ZAMBIA
650 ## - SUBJECT ADDED ENTRY--TOPICAL TERM
Topical term or geographic name entry element ZAMBIA--ECONOMIC CONDITIONS
995 ## -
-- SPECIAL COLLECTIONS
-- 0.00
-- 737392
-- CBU-MAIN LIBRARY (Kitwe)
-- 1
-- 0.00
-- ZAM HC 915 ZAM
-- 1
-- AVAILABLE
-- Apr 25, 2007
-- 52480
-- Zambiana Collection
999 ## -
-- 83410
-- 83410
Holdings
Withdrawn status Lost status Source of classification or shelving scheme Damaged status Not for loan Permanent Location Current Location Shelving location Date acquired Total Checkouts Full call number Barcode Date last seen Copy number Price effective from Koha item type
          CBU-MAIN LIBRARY, KITWE. CBU-MAIN LIBRARY, KITWE.   10/30/2023   HC 915 Zam 52480 10/30/2023 1 10/30/2023 SPECIAL COLLECTION